On This Day: February 10th Quiz Stats

Quiz Updated Feb 10, 2018

Challenge
Share
Tweet
Embed
Score 0/7 Timer 03:00
1 Play Today
Question Answer Wrong Answers
IBM supercomputer Deep Blue defeats Garry Kasparov in this for the first time.
1996
Chess
91.6%
Checkers
0.9%
Jeopardy!
4.8%
Monopoly
0.6%
This queen marries Prince Albert of Saxe-Coburg-Gotha.
1840
Victoria
80.4%
Elizabeth II
7.2%
Isabella II
5.2%
Catherine the Great
6.4%
The Treaty of Paris formally ends the French and Indian War, and France cedes this region to Great Britain.
1763
Quebec
71.3%
Martinique
11.5%
Saint Lucia
10%
Philippines
7.2%
Francisco Franco’s Nationalist Army completes its offensive on ______, allowing Franco to seal the border with France during the Spanish Civil War.
1939
Catalonia
69.8%
Andalusia
14.4%
Valencia
11.4%
Murcia
3%
This country’s Foreign Ministry announces that it has ‘produced nuclear weapons,’ one of its most definitive public claims on the status of its nuclear arsenal.
2005
North Korea
61.7%
Iran
21.5%
India
3.9%
Pakistan
10.4%
The first certified gold record is presented to Glenn Miller for his recording of this song.
1942
Chattanooga Choo Choo
59.7%
I’ll Be Seeing You
12.1%
Fools Rush In
9.6%
White Christmas
16.9%
The 25th Amendment to the United States Constitution is ratified. This amendment does what?
1967
Outlines succession to the presidency
36%
Prohibits using age as a reason for denying the right to vote
15.6%
Prohibits poll taxes
16.7%
Sets a term limit for presidency
29.6%

Today's Daily Dose

Missing Word
April Birthdays

Quick Pick
Signature Pinks

On This Day
April 20th II

You're not logged in!

Compare scores with friends on all Sporcle quizzes.
Sign Up with Email
OR
Log In

You Might Also Like...

Show Comments

Extras

Top Quizzes Today


Score Distribution

Your Account Isn't Verified!

In order to create a playlist on Sporcle, you need to verify the email address you used during registration. Go to your Sporcle Settings to finish the process.

Report this User

Report this user for behavior that violates our Community Guidelines.

Details: